| 000 | 00594cam a22002172 4500 | ||
|---|---|---|---|
| 001 | 0000002230 | ||
| 005 | 20151217151844.0 | ||
| 008 | 070405s xx 000 0 eng d | ||
| 020 | _a0256087938 : | ||
| 040 |
_aKABU _cKABU |
||
| 050 | 0 |
_aHF5415.135 _b.C73 1991 |
|
| 100 | 1 |
_aCravens, David W. _@0000167603 |
|
| 245 | 1 | 0 | _aStrategic marketing. |
| 250 | _a3rd ed. | ||
| 260 |
_aBoston : _bIrwin, _c1991. |
||
| 300 | _axxvii, 833 p. | ||
| 650 | 0 |
_aMarketing _xDecision making. _@0000151508 |
|
| 908 | _a070405 | ||
| 950 | _@1 | ||
| 999 |
_c5718 _d5718 |
||